000
00240nam a2200097Ia 4500
001
1223576
005
20250827092910.0
008
250824s9999 xx 000 0 und d
245
0
_a
SÖZÜN EŞİĞİNDE
_c
İHSAN FAZLIOĞLU
260
_b
KETEBE
999
_c
1223576
_d
1223576